000 01059nam a2200289Ia 4500
003 OSt
005 20221005023741.0
006 a|||||r|||| 00| 0
007 ta
008 221004b |||||||| |||| 00| 0 eng d
020 _a0253214688
_c1463
024 _a82146
037 _b18718, 30/03/2005, Segment Book Distributors
_cTextual
040 _aCRL
_cCRL
_beng
041 _2eng
_aeng
082 _aVv6.N, P1
100 _aWhite Luise Ed.
_9580016
245 0 _aAfrican words, African voices
_b Critical practices in oral history edited by Luise White; Stephan F. Miescher and David William Cohen
260 _aBloomington
_bIndiana University Press
_c2001
300 _a322p.
_ccm.
490 _aAfrican systems of thought
650 _aAFRICA - HISTORY
700 _a Cohen David William Ed.
_9580017
700 _a Miescher Stephan F. Ed.
_9580018
942 _hVv6.N, P1
_cTEXL
_2cc
999 _c931751
_d931751